Pengurusan masa kini

Bibliographic Details
Main Author: WAN Azmi Ramli 1939-
Format: Book
Published: Kuala Lumpur : Utusan Pub.& Dist. , 1994, 1996
Edition:4th ed.
Series:Siri pengurusan dan pentadbiran Utusan
Subjects:

MARC

LEADER 00000cam a2200000 7i4500
001 0000001074
005 20131215.0
020 0 0 |a 9676104345 
090 0 0 |a 658   |b WAN 1996 
100 0 0 |a WAN Azmi Ramli   |c 1939- 
245 1 0 |a Pengurusan masa kini   |c Wan Azmi Ramli 
250 0 0 |a 4th ed. 
260 0 0 |a Kuala Lumpur :   |b Utusan Pub.& Dist. ,   |c 1994, 1996 
300 |a 432 p. :   |b ill. ;   |c 21 cm. 
440 0 0 |a Siri pengurusan dan pentadbiran Utusan 
500 0 0 |a Bibliography: [p. 430-432] 
650 0 0 |a Management 
998 |a JPSM 
999 |a 0000002024   |b Monograph   |c Open Shelf   |e Default branch